书目信息 |
| 题名: |
不可思议的e
|
|
| 作者: | 陈仁政 著 | |
| 分册: | ||
| 出版信息: | 北京 科学出版社 2005 |
|
| 页数: | 20,321页 | |
| 开本: | 23cm | |
| 丛书名: | 好玩的数学 | |
| 单 册: | ||
| 中图分类: | O122.6 | |
| 科图分类: | ||
| 主题词: | 对数--普及读物 , 对数 | |
| 电子资源: | ||
| ISBN: | 7-03-015201-8 | |
| 000 | 00758oam2 2200253 450 | |
| 001 | 002946605 | |
| 005 | 20061122144307.15 | |
| 010 | @a7-03-015201-8@dCNY27.00 | |
| 100 | @a20050815d2005 em y0chiy0110 ea | |
| 101 | 0 | @achi |
| 102 | @aCN@b110000 | |
| 105 | @aa z 000yd | |
| 200 | 1 | @a不可思议的e@9bu ke si yi de e@f陈仁政著 |
| 210 | @a北京@c科学出版社@d2005 | |
| 215 | @a20,321页@c照片,图@d23cm | |
| 225 | 2 | @a好玩的数学 |
| 330 | @a本书通俗地介绍了对数的发明和这一发明的重大意义,如何用它来解决实际问题,以及常用对数的诞生和应用。 | |
| 461 | 0 | @12001 @a好玩的数学 |
| 606 | 0 | @a对数@j普及读物 |
| 606 | 0 | @a对数 |
| 690 | @aO122.6@v4 | |
| 701 | 0 | @a陈仁政@9chen ren zheng@f(1943~)@4著 |
| 801 | 0 | @aCN@bNLC@c20061122 |
| 905 | @a10447@dO122.6@e32 | |
| 不可思议的e/陈仁政著.-北京:科学出版社,2005 |
| 20,321页:照片,图;23cm.-(好玩的数学) |
| ISBN 7-03-015201-8:CNY27.00 |
| 本书通俗地介绍了对数的发明和这一发明的重大意义,如何用它来解决实际问题,以及常用对数的诞生和应用。 |
| ● |
| 相关链接 |
|
|
|
|
正题名:不可思议的e
索取号:O122.6/32
 
预约/预借
| 序号 | 登录号 | 条形码 | 馆藏地/架位号 | 状态 | 备注 |
| 1 | 0394742 | 203947426 | 第二样本阅览室/ [索取号:O122.6/32] | 在馆 | |
| 2 | 0394743 | 203947435 | 第三借阅区/ [索取号:O122.6/32] | 在馆 | |
| 3 | 0394744 | 203947444 | 第三借阅区/ [索取号:O122.6/32] | 在馆 |